| 000 | 00368nam a22001457a 4500 | ||
|---|---|---|---|
| 999 |
_c1183 _d1183 |
||
| 008 | 170518b xxu||||| |||| 00| 0 eng d | ||
| 020 | _a9789332518803 | ||
| 082 |
_27th _b1249 |
||
| 100 |
_aStallings, William _93 |
||
| 245 |
_aOperating Systems _bInternals and Design Principles |
||
| 250 | _a7th | ||
| 260 |
_aNoida _b2014 _cPearson |
||
| 300 | _a708 | ||
| 942 |
_2ddc _cBK |
||